<?xml version="1.0" encoding="UTF-8"?>
<record
    xmlns:xsi="http://www.w3.org/2001/XMLSchema-instance"
    xsi:schemaLocation="http://www.loc.gov/MARC21/slim http://www.loc.gov/standards/marcxml/schema/MARC21slim.xsd"
    xmlns="http://www.loc.gov/MARC21/slim">

  <leader>02560nam a2200313 a 4500</leader>
  <controlfield tag="001">BRCA_3049</controlfield>
  <controlfield tag="005">20190320204102.0</controlfield>
  <controlfield tag="008">220109s1777----fr-a---###---#000-0#fre-u</controlfield>
  <datafield tag="041" ind1=" " ind2=" ">
    <subfield code="a">fre</subfield>
  </datafield>
  <datafield tag="044" ind1=" " ind2=" ">
    <subfield code="a">fr</subfield>
  </datafield>
  <datafield tag="084" ind1=" " ind2=" ">
    <subfield code="a">356</subfield>
    <subfield code="b">.B35</subfield>
    <subfield code="c">1777</subfield>
  </datafield>
  <datafield tag="100" ind1="1" ind2=" ">
    <subfield code="a">Cervantes Saavedra, Miguel de</subfield>
    <subfield code="d">1547-1616</subfield>
    <subfield code="9">213</subfield>
  </datafield>
  <datafield tag="245" ind1="1" ind2="0">
    <subfield code="a">Histoire de l&#xB4;Admirable et incomparable Don Quichotte de la Manche</subfield>
    <subfield code="c">Miguel de Cervantes Saavedra.</subfield>
  </datafield>
  <datafield tag="260" ind1=" " ind2=" ">
    <subfield code="a">Par&#xED;s</subfield>
    <subfield code="b">Bailly</subfield>
    <subfield code="c">1777</subfield>
  </datafield>
  <datafield tag="300" ind1=" " ind2=" ">
    <subfield code="a">4 v.</subfield>
    <subfield code="b">il.</subfield>
    <subfield code="c">17 cm.</subfield>
  </datafield>
  <datafield tag="500" ind1=" " ind2=" ">
    <subfield code="a">Contenido : v 1. Primera parte. advertencia del editor. Pr&#xF3;logo del autor. Texto. -- v 2. Texto. Segunda parte. -- v 3. Texto. Primera parte de la continuaci&#xF3;n por el traductor. -- v 4. Segunda parte de la continuaci&#xF3;n por el traductor</subfield>
  </datafield>
  <datafield tag="500" ind1=" " ind2=" ">
    <subfield code="a">Edici&#xF3;n : Nouvelle edition revue avec soin sur l&#xB4;Original de Michel de Cervantes, et beaucoup plus correcte que les precedentes</subfield>
  </datafield>
  <datafield tag="500" ind1=" " ind2=" ">
    <subfield code="a">En su advertencia dice el librero que esta edici&#xF3;n fue revisada con escrupulosa atenci&#xF3;n por Vacquette dHermilly, traductor de varias obras cl&#xE1;sicas espa&#xF1;ola, el cual la purg&#xF3; de infinitas erratas que se hab&#xED;an deslizado en muchas ediciones anteiores y suprimi&#xF3; varias digresiones prolijas y superfluas. En efecto, el revisor sin encomendarse a Dios ni al diablo, entr&#xF3; a saco por las p&#xE1;ginas del Quijote, suprimiando lo que deb&#xED;a respetar y a&#xF1;adiendo lo que estaba vedado a agregar. Entre las supresiones m&#xE1;s notables que hizo el flamante revisor mencionar&#xE9;: la dedicatoria y versos de la primera parte; dedicatoria y pr&#xF3;logo de la segunda; el cap&#xED;tulo IX que est&#xE1;n alterados y se narran fuera de lugar: as&#xED; el episodio de los carneros se cuenta en el cap&#xED;tulo XVII, el del cuerpo muerto, en el XVIII, etc. Pero, la anomal&#xED;a m&#xE1;s grande consiste en que el Quijote aut&#xE9;ntico termina en la p&#xE1;gina 361 del tomo III, empezando en la misma, sin advertencia alguna, la continuaci&#xF3;n del Quijote de Filleau de Saint-Martin, con lo cual se confunden ambas obras. Est&#xE1; basada en la traducci&#xF3;n de este &#xFA;ltimo. Piel; lomeras adornadas con dorados L&#xFA;dovik Osterc</subfield>
  </datafield>
  <datafield tag="500" ind1=" " ind2=" ">
    <subfield code="a">QM277A</subfield>
  </datafield>
  <datafield tag="546" ind1=" " ind2=" ">
    <subfield code="a">Texto en : franc&#xE9;s</subfield>
  </datafield>
  <datafield tag="650" ind1="1" ind2="4">
    <subfield code="a">Novela espa&#xF1;ola</subfield>
    <subfield code="y">&#xC9;poca cl&#xE1;sica, 1500-1700</subfield>
    <subfield code="9">215</subfield>
  </datafield>
  <datafield tag="650" ind1="1" ind2="4">
    <subfield code="a">Literatura espa&#xF1;ola</subfield>
    <subfield code="y">&#xC9;poca cl&#xE1;sica, 1500-1700</subfield>
    <subfield code="9">216</subfield>
  </datafield>
  <datafield tag="650" ind1="1" ind2="4">
    <subfield code="a">Novela espa&#xF1;ola</subfield>
    <subfield code="y">Siglo XVII</subfield>
    <subfield code="9">217</subfield>
  </datafield>
  <datafield tag="650" ind1="1" ind2="4">
    <subfield code="a">Don Quijote (Personaje ficticio)</subfield>
    <subfield code="e">Novela</subfield>
    <subfield code="9">218</subfield>
  </datafield>
  <datafield tag="700" ind1="1" ind2=" ">
    <subfield code="a">Saint-Martin, Francois Filleau de</subfield>
    <subfield code="d">1632-1695</subfield>
    <subfield code="e">Traductor</subfield>
    <subfield code="9">8368</subfield>
  </datafield>
  <datafield tag="740" ind1="0" ind2=" ">
    <subfield code="a">El Ingenioso Hidalgo Don Quijote de la Mancha</subfield>
  </datafield>
  <datafield tag="902" ind1=" " ind2=" ">
    <subfield code="a">QFM</subfield>
  </datafield>
  <datafield tag="942" ind1=" " ind2=" ">
    <subfield code="2">lcc</subfield>
    <subfield code="c">B</subfield>
  </datafield>
  <datafield tag="999" ind1=" " ind2=" ">
    <subfield code="c">2785</subfield>
    <subfield code="d">2785</subfield>
  </datafield>
  <datafield tag="952" ind1=" " ind2=" ">
    <subfield code="0">0</subfield>
    <subfield code="1">0</subfield>
    <subfield code="4">0</subfield>
    <subfield code="7">0</subfield>
    <subfield code="a">BRCA</subfield>
    <subfield code="b">BRCA</subfield>
    <subfield code="d">2009-01-22</subfield>
    <subfield code="i">QM277A</subfield>
    <subfield code="l">0</subfield>
    <subfield code="o">356 .B35 1777 (QM277A)</subfield>
    <subfield code="p">3046</subfield>
    <subfield code="r">2019-03-22 00:00:00</subfield>
    <subfield code="w">2019-03-22</subfield>
    <subfield code="y">B</subfield>
  </datafield>
</record>
